Animation vs Animator Characters - Statistics

General Stats
  • This quiz has been taken 65 times
  • The average score is 10 of 15
Answer Stats
Hint Answer % Correct
Blue
98%
Green
98%
Sticksfight.com Red
98%
Created by noogai3 The Second Coming
98%
Yellow
98%
Animator noogai3 / Alan Becker
96%
The Dark Lord
96%
The Chosen One
92%
Victim
92%
Spider Virabot.exe
61%
Mozilla Firefox
39%
Apps AOL Instant Messenger
14%
Adobe Photoshop
12%
Minor Stick Figures Erasestick
6%
Framestick
6%
No matching quizzes found
Score Distribution
Percent of People with Each Score
Percentile by Number Answered
Your Score History
You have not taken this quiz